Normal view MARC view

Entry Topical Term

Number of records used in: 1

001 - CONTROL NUMBER

  • control field: 724881

003 - CONTROL NUMBER IDENTIFIER

  • control field: OSt

005 - DATE AND TIME OF LATEST TRANSACTION

  • control field: 20241128112733.0

008 - FIXED-LENGTH DATA ELEMENTS

  • fixed length control field: 241128|| aca||aabn | a|a d

040 ## - CATALOGING SOURCE

  • Original cataloging agency: OSt
  • Transcribing agency: OSt

150 ## - HEADING--TOPICAL TERM

  • Topical term or geographic name entry element: Change Management

670 ## - SOURCE DATA FOUND

  • Source citation: Work cat.: (OSt)1219115: Hayes John 128089, Theory and practice of change management, 2022
Copyright @ Delhi University Library System